Konflik nilai sosial di kalangan pekerja Melayu dalam syarikat multinasional : satu kajian kes di sebuah syarikat Korea di Senawang /
Saved in:
| Main Author: | |
|---|---|
| Format: | Thesis Book |
| Language: | Malay |
| Published: |
2008.
|
| Subjects: | |
| Tags: |
Add Tag
No Tags, Be the first to tag this record!
|
| LEADER | 01246cam a2200289 a 4500 | ||
|---|---|---|---|
| 001 | u793379 | ||
| 003 | SIRSI | ||
| 005 | 201006171222 | ||
| 008 | 100617s2008 my a t 000 0 may m | ||
| 040 | |a UMM | ||
| 043 | |a a-my-ns | ||
| 090 | |a PL5065 |b UMP 2008 Kim | ||
| 100 | 1 | |a Kim, Keum Hyun. | |
| 245 | 1 | 0 | |a Konflik nilai sosial di kalangan pekerja Melayu dalam syarikat multinasional : |b satu kajian kes di sebuah syarikat Korea di Senawang / |c Kim Keum Hyun. |
| 260 | |c 2008. | ||
| 300 | |a xvi, 356 [21] leaves : |b ill. ; |c 30 cm. | ||
| 502 | |a Thesis (Ph.D) -- Akademi Pengajian Melayu, Universiti Malaya, 2009. | ||
| 504 | |a Bibliography: leaves 333-356. | ||
| 650 | 0 | |a Culture conflict |x Cross-cultural studies. | |
| 650 | 0 | |a Cultural pluralism |x Research. | |
| 650 | 0 | |a Social values. | |
| 650 | 0 | |a International business enterprises |z Negeri Sembilan |z Senawang |x Employees |x Moral and ethical aspects. | |
| 710 | 2 | |a Universiti Malaya. |b Akademi Pengajian Melayu. | |
| 900 | |a NHS-ZA | ||
| 596 | |a 1 23 | ||
| 999 | |a PL5065 UMP 2008 KIM |w LC |c 1 |i A514398541 |d 7/2/2019 |e 7/2/2019 |f 16/6/2011 |g 1 |l STACKS |m P01UTAMA |n 9 |r Y |s Y |t TESIS |u 13/6/2011 | ||
| 999 | |a PL5065 UMP 2008 KIM |w LC |c 1 |i A515086514 |d 7/5/2012 |f 7/5/2012 |g 1 |l STACKS |m P23MELAYU |r Y |s Y |t TESIS |u 26/4/2012 | ||
